Normal view
MARC view
- تراجم -- الفنانون -- تراجم -- الأدباء -- تراجم -- السياسيون -- تراجم
Entry Topical Term
001 - CONTROL NUMBER
- control field: 15428
003 - CONTROL NUMBER IDENTIFIER
- control field: JO-AjAnu
005 - DATE AND TIME OF LATEST TRANSACTION
- control field: 20230606072748.0
008 - FIXED-LENGTH DATA ELEMENTS
- fixed length control field: 230606|| aca||aabn | a|a d
040 ## - CATALOGING SOURCE
- Original cataloging agency: JO-AjAnu
- Transcribing agency: JO-AjAnu
150 ## - HEADING--TOPICAL TERM
- Topical term or geographic name entry element: تراجم -- الفنانون -- تراجم -- الأدباء -- تراجم -- السياسيون -- تراجم
670 ## - SOURCE DATA FOUND
- Source citation: Work cat.: (JO-AjAnu)7923: إعداد موريس فرادوارد, author 15427, موسوعة مشاهير العالم، ج5